000
00280nam a2200121Ia 4500
005
20251222153600.0
008
251222s9999||||xx |||||||||||||| ||spa||
020
_a
84-345-9042-6
082
_a
828.8/R41
100
_a
"Renault, Mary"
245
0
_a
Fuego del paraĆso
942
_c
LIB
999
_c
31196
_d
31196